00243nam a22000617a 4500100002900000245009800029260005400127 aSilva,C.Tharushi Ruwanga aAn in-silico Approach to stydy the Binding interaction of coumrin derivatives with aromatase/ aRajagiriya.bInstitute of Chemical ceylon,c2017.